| 000 | 00617nam a2200241Ia 4500 | ||
|---|---|---|---|
| 008 | 160803s9999 xx 000 0 und d | ||
| 020 | _a0 590849107 | ||
| 100 | _aMcPhail, david | ||
| 245 | 4 | _aThe day the sheep showed up / | |
| 245 | _cby David McPhail. | ||
| 260 | _aNew York : | ||
| 260 | _bScholastic Inc. | ||
| 260 | _c1998 | ||
| 300 | _a29 unnumbered pages : | ||
| 300 | _bcolor illustrations ; | ||
| 300 | _c23 cm. | ||
| 440 | _aScholastic Reader. | ||
| 650 | _aDomestic animals -- | ||
| 650 | _aSheep -- | ||
| 650 | _xJuvenile fiction. | ||
| 650 | _xJuvenile fiction. | ||
| 700 | _a230 | ||
| 999 |
_c298921 _d298921 |
||